Statistics for Countries Pope John Paul II visited

Click here to take the quiz!

General Stats

  • This quiz has been taken 57 times
  • The average score is 106 of 127

Answer Stats

Continent Country % Correct
South AmericaBrazil
100%
South AmericaArgentina
98%
EuropeAustria
98%
North AmericaCanada
98%
North AmericaUnited States of America
98%
EuropeBelgium
98%
EuropeItaly
96%
EuropeFrance
96%
EuropeSpain
96%
EuropePoland
96%
South AmericaPeru
96%
North AmericaMexico
96%
OceaniaAustralia
96%
EuropeEstonia
93%
EuropeGermany
93%
EuropeSlovenia
93%
South AmericaColombia
93%
South AmericaChile
93%
EuropeGreece
93%
EuropeUnited Kingdom
93%
AsiaIsrael
93%
EuropeLatvia
93%
EuropeHungary
91%
AsiaJordan
91%
North AmericaJamaica
91%
EuropeIceland
91%
OceaniaNew Zealand
91%
AsiaIndia
91%
EuropeIreland
91%
EuropeLuxembourg
91%
AfricaAngola
91%
EuropeAlbania
91%
EuropePortugal
91%
South AmericaUruguay
91%
North AmericaCosta Rica
91%
EuropeSlovakia
89%
South AmericaVenezuela
89%
North AmericaBelize
89%
AfricaBenin
89%
AsiaIndonesia
89%
North AmericaHonduras
89%
North AmericaHaiti
89%
Europethe Netherlands
89%
EuropeSweden
89%
AfricaMorocco
89%
AfricaEgypt
89%
EuropeFinland
89%
South AmericaParaguay
89%
AfricaSouth Africa
87%
North AmericaEl Salvador
87%
North AmericaCuba
87%
South AmericaBolivia
87%
EuropeBulgaria
87%
EuropeRomania
87%
Asia/ EuropeTurkey
87%
EuropeCzech Republic
87%
EuropeSwitzerland
87%
EuropeLithuania
87%
AfricaKenya
87%
EuropeNorway
87%
AfricaTunisia
87%
AfricaZambia
84%
North AmericaNicaragua
84%
EuropeUkraine
84%
North AmericaPanama
84%
AfricaSenegal
84%
AfricaZimbabwe
84%
EuropeBosnia and Herzegovina
84%
AsiaLebanon
84%
EuropeDenmark
84%
AfricaDemocratic Republic of the Congo
84%
AfricaGambia
84%
AfricaRepublic of the Congo
84%
South AmericaEcuador
84%
AsiaGeorgia
84%
EuropeLiechtenstein
82%
North AmericaDominican Republic
82%
North Americathe Bahamas
82%
AfricaNigeria
82%
AfricaBotswana
82%
North AmericaGuatemala
82%
EuropeCroatia
82%
AsiaAzerbaijan
82%
EuropeMalta
82%
AsiaJapan
82%
AsiaSouth Korea
80%
AfricaSwaziland
80%
AfricaBurundi
80%
AfricaLesotho
80%
AsiaSyria
80%
OceaniaFiji
80%
AsiaPakistan
80%
AfricaGhana
80%
AsiaArmenia
80%
AfricaMali
78%
AfricaMadagascar
78%
AfricaUganda
78%
AfricaSudan
78%
AfricaTogo
78%
AfricaMozambique
78%
AfricaChad
76%
North AmericaTrinidad and Tobago
76%
AfricaCameroon
76%
AfricaIvory Coast
76%
Asiathe Philippines
76%
AfricaGuinea Bissau
76%
AfricaBurkina Faso
76%
AsiaBangladesh
76%
AsiaSingapore
76%
EuropeSan Marino
73%
AfricaTanzania
73%
AsiaKazakhstan
71%
AfricaRwanda
71%
OceaniaPapua New Guinea
71%
AfricaGabon
71%
AfricaMauritius
71%
AsiaSri Lanka
69%
AsiaThailand
69%
AfricaMalawi
69%
North AmericaSaint Lucia
67%
AfricaSeychelles
64%
AfricaCentral African Republic
62%
AfricaEquatorial Guinea
62%
OceaniaSolomon Islands
60%
AfricaSao Tome and Principe
60%
AfricaCape Verde
58%
AsiaPalestine
33%

Score Distribution

Percentile by Number Answered

Percent of People with Each Score

Your Score History

You have not taken this quiz